1965 1613 1037 1058 1545 1174 1252 1688 1909 1195 1019 1467 1227 1509 1546 1453 1995 1835 1340 1379 1192 1868 1694 1371 1041 1002 1326 1663 1201 1616 1704 1258 1134 1731 1987 1359 1663 1623 1781 1960 1560 1885 1431 1440 1720 1379 1124 1122 1731 1733 1962 1897 1318 1982 1513 1922 1904 1960 1353 1967 1455 1497 1984 1839 1471 1432 1663 1058 1848 1079 1982 1433 1808 1220 1792 1234 1532 1828 1350 1229 1237 1254 1990 1882 1352 1196 1964 1219 1021 1933 1626 1060 1898 1673 1554 1068 1562 1692 1634 BCNSPRNW ULIB Ver.6.0+V

เปลี่ยนเป็นภาษาไทย

Change to English
 แสดงรายละเอียดบรรณานุกรม
  กลับหน้าหลัก

Brief Record : Get Marc (ISO 2709) : E-mail record : QR code < ปิดหน้าต่าง
LEADER : 00000nam 2200000uu 4500
001    13399109542
003     ULIB
008    110404s2551||||th 000 0 tha d
020    9789740535645 (ล.1)
060 04 WB327^bพ686ร ล.1 2551
100 0  พินิจ ลิ้มสุคนธ์
245 10 รู้ทันโรค-รู้ทันหมอ /^cพินิจ ลิ้มสุคนธ์
250    พิมพ์ครั้งที่ 1
260    กรุงเทพฯ :^bเดอะโนว์เลจเซ็นเตอร์,^c2551
300    2 เล่ม :^bภาพประกอบ ;^c21 ซม.
650  7 การดูแลสุขภาพด้วยตนเอง
650  7 การรักษาโรค
650  7 การรักษาโรค^vรวมเรื่อง
650  7 โรค^xการป้องกันและควบคุม
650  7 โรค^vรวมเรื่อง
945    ^p195^l0^i024628
945    ^p195^l0^i024382
995    ทศพร
999 ^a ใช้งานได้ทุกระบบ
รายการนี้ยังไม่มีแท็ก
คุณยังไม่ได้ล็อกอิน คุณสามารถมีกิจกรรมร่วมกับเว็บไซต์ได้ แต่ต้องล็อกอินก่อน ::
  ล็อกอิน

รายการสื่อสารสนเทศ

ลำดับที่ ประเภท เลขเรียก/บาร์โค้ด สถานที่ สถานะ
- ไม่พบข้อมูล -

รายการใกล้เคียง
    ผู้แต่ง [พินิจ ลิ้มสุคนธ์]

    หัวเรื่อง [การดูแลสุขภาพด้วยตนเอง]
    หัวเรื่อง [การรักษาโรค]

BibComment


ยังไม่เคยถูกคอมเมนท์

คอมเมนท์ทรัพยากรรายการนี้
  คอมเมนท์: รู้ทันโรครู้ทันหม..


 Copyright 2026. Bcnsprnw @Library